| 000 | 00601nam a22002057a 4500 | ||
|---|---|---|---|
| 999 |
_c15035 _d15035 |
||
| 003 | OSt | ||
| 005 | 20200207093001.0 | ||
| 008 | 181211b ||||| |||| 00| 0 eng d | ||
| 022 | _a00116009 | ||
| 040 | _c0 | ||
| 082 | _aDPer 792.805 D19 Mar-Aug 2016 v.90, n.3-8 | ||
| 100 |
_aMolzahn, Laura. _933108 |
||
| 245 |
_aA big prize for a growing artist/ _b _cLaura Molzahn. |
||
| 260 |
_aNew York: _bDance Media, _c©Mar- Aug 2016. |
||
| 300 |
_av90 n7, page 14. _bcolored illustrations: _c25 cm. |
||
| 500 | _a | ||
| 650 |
_aArtists. _v _933109 |
||
| 650 |
_aBallet _vOutfit _933110 |
||
| 942 |
_2ddc _cPER |
||